Helsingin kaupunginosat - Statistics

Yleistilastot
  • Tätä visaa on pelattu 2 927 kertaa
  • Keskiarvotulos 19 / 59
Vastaustilastot
Vastaukset % Oikein
Kallio (11)
76%
Pasila (17)
72%
Kamppi (4)
69%
Eira (6)
64%
Etu-Töölö (13)
60%
Vuosaari (54)
60%
Malmi (38)
59%
Taka-Töölö (14)
59%
Punavuori (5)
58%
Lauttasaari (31)
56%
Sörnäinen (10)
54%
Haaga (29)
52%
Herttoniemi (43)
52%
Ullanlinna (7)
49%
Munkkiniemi (30)
47%
Oulunkylä (28)
46%
Käpylä (25)
45%
Meilahti (15)
43%
Vallila (22)
42%
Katajanokka (8)
41%
Kruununhaka (1)
39%
Pakila (34)
39%
Kulosaari (42)
38%
Suomenlinna (52)
38%
Kluuvi (2)
37%
Viikki (36)
36%
Laajasalo (49)
34%
Kaivopuisto (9)
30%
Ruskeasuo (16)
30%
Kaartinkaupunki (3)
29%
Konala (32)
28%
Pitäjänmäki (46)
27%
Pukinmäki (37)
27%
Östersundom (55)
26%
Kumpula (24)
25%
Mellunkylä (47)
25%
Mustikkamaa-Korkeasaari (19)
25%
Hermanni (21)
21%
Santahamina (51)
21%
Alppiharju (12)
19%
Koskela (26)
19%
Länsi-Satama (20)
18%
Laakso (18)
17%
Suutarila (40)
17%
Vartiokylä (45)
16%
Toukola (23)
15%
Vanhakaupunki (27)
15%
Kaarela (33)
14%
Ulkosaaret (53)
14%
Karhusaari (58)
13%
Suurmetsä (41)
11%
Tammisalo (44)
11%
Tuomarinkylä (35)
11%
Tapaninkylä (39)
9%
Vartiosaari (48)
9%
Talosaari (57)
7%
Ultuna (59)
7%
Villinki (50)
6%
Salmenkallio (56)
4%
Ehtoja vastaavia visoja ei löytynyt
Tulosjakauma
Jokaisen tuloksen saaneiden osuus
Persentiili vastausten määrän mukaan
Tuloshistoriasi
Et ole pelannut tätä visaa